000 01275nam0a2200313 4500
001 RU\NLR\bibl\835974
005 20250614143408.0
010 _a5-17-020985-1
_bАСТ
010 _a966-696-305-1
_95000
_bСталкер
035 _a(NLR Aleph) 000824814
090 _a1323916
_c1323916
100 _a20050902d2005 |||y0rusy50 ca
101 0 _arus
102 _aRU
_aUA
105 _aa |||||||||
200 1 _aУстройство погребов и лабазов
_e[типы и конструкции погребов, устройство вентиляции, гидроизоляционные материалы
_fавт.-сост. Горбов Александр Михайлович]
210 _aМосква
_cАСТ
_aДонецк
_cСталкер
_d2005
215 _a106, [4] с.
_cил.
_d20
225 1 _aСерия "Приусадебное хозяйство"
320 _aБиблиогр. в конце кн.
606 1 _aПогреба
_xСтроительство
_91868560
_3RU\NLR\auth\66848027
686 _aН711.8
702 1 _aГорбов
_bА. М.
_gАлександр Михайлович
_4220
801 0 _aRU
_bNLR
_c20050902
_grcr
801 1 _aRU
_bNLR
_c20050902
942 _cBOOK
980 _aNB